Trouvez le Personnage Historique #3 - Statistiques

Statistiques générales
  • Ce quiz a été pris 66 fois
  • Le résultat moyen est 3 sur 13
Statistiques - réponses
Par images Réponse % Correct
Michael Jackson
90%
Marylin Monroe
72%
Stendhal
31%
Anne de Bretagne
25%
Ferdinand Foch
23%
Dante
16%
François Rabelais
15%
Jean Lannes
8%
Édouard Manet
5%
Jean Sans Terre
5%
Robert Louis Stevenson
5%
Stéphane Mallarmé
5%
Baudouin Ier
3%
Aucun quiz correspondant
Distribution des résultats
% des personnes avec chaque résultat
Percentile par nombre de réponses
Votre historique - résultats
Vous n’avez pas pris ce quiz